000
00491nam a2200169Ia 4500
008
090711s9999 xx 000 0 und d
082
_b
44939
100
_a
महांबरे गंगाधर
245
_a
मराठी गझल
260
_c
1981
300
_a
104
600
_a
महांबरे गंगाधर
630
_a
मराठी गझल
700
_a
महांबरे गंगाधर
730
_a
मराठी गझल
942
_c
BOOK
999
_c
290879
_d
290879